000
00297nam a2200109Ia 4500
008
230907s9999||||xx |||||||||||||| ||und||
082
_a
620
_b
HAN
100
_a
Hansen, Shirley
_9
118041
245
_a
Sustainability management handbook /
_c
Shirley Hansen.
260
_c
2019-09-27
942
_2
ddc
_c
EB
999
_c
599671
_d
599671